LEADER 01383nam a2200301 u 4500 001 000000114378 003 CaOOAMICUS 005 20090129111107.0 008 090129s2005 it a u000 u ita r 020 $a88-8455-583-3 040 $aPUL$bita$dLDB 100 1 $aGalilei, Galileo,$d1564-1642.$0(OLS)http://pul/name/2769 245 13$aIl saggiatore /$cGalileo Galilei ; edizione critica e commento a cura di Ottiavio Besomi e Mario Helbring. 260 $aPadova :$bAntenore,$cc2005. 300 $a699 p. :$bill. ;$c24 cm. 490 1 $aMedioevo e Umanesimo ;$v105 500 $aInclude indici. 600 14$aGalilei, Galileo,$d1564-1642$tSaggiatore$xCommenti.$0(OLS)http://pul/subject/34994 700 1 $aHelbing, Mario.$0(OLS)http://pul/name/66367 700 1 $aBesomi, Ottavio.$0(OLS)http://pul/name/64836 700 12$aGrassi, Orazio,$cS.I.,$d1583-1654$tLibra astronomica ac philosophica.$lItaliano.$0(OLS)http://pul/name/70586 830 0$aMedioevo e Umanesimo ;$v105.$0(OLS)http://pul/title/9971 850 $aPUL 852 $aPUL$W1$xDP2 Filosofia 3$y112$m940 COLL 3.105$j130697$qDDC 21$q $B129777$CPULBib$Z2$F129777 $H109412 $81 941 1 $a9 996 $6020$a88-8455-583-3$9(OLS)http://pul/number/139543 996 $6245$aIl saggiatore$9(OLS)http://pul/title/143745 996 $6260$aPadova :$bAntenore$9(OLS)http://pul/publisher/48020 LEADER 01311cam a22002774a 4500 001 000000105827 003 CaOOAMICUS 005 20070626153120.0 008 070626s2005 it b 001 0 ita d 020 $a88-7088-486-4 040 $aItFiC$bita$cItFiC$dDLC$dPUL$dES 100 1 $aQuarantotto, Diana.$0(OLS)http://pul/name/64999 245 10$aCausa finale sostanza essenza in Aristotele :$bsaggio sulla struttura dei processi teleologici naturali e sulla funzione del telos /$cDiana Quarantotto. 260 $aNapoli :$bBibliopolis,$c2005. 300 $a372 p. ;$c22 cm. 490 1 $aElenchos ;$v46 500 $aIndici p. 359-372 504 $aInclude riferimenti bibliografici p. 345-357 600 04$aAristoteles,$d384-322 a.C.$0(OLS)http://pul/subject/223 830 0$aElenchos ;$v46.$0(OLS)http://pul/title/24262 850 $aPUL 852 $aPUL$W1$xSL Filosofia 3$y81$m180 COLL 2.46$j119562$qDDC 21$B118658$CPULBib$Z2$F118658 $H105827 $82 941 1 $a9 996 $6020$a88-7088-486-4$9(OLS)http://pul/number/134992 996 $6245$aCausa finale sostanza essenza in Aristotele :$bsaggio sulla struttura dei processi teleologici naturali e sulla funzione del telos$9(OLS)http://pul/title/133213 996 $6260$aNapoli :$bBibliopolis$9(OLS)http://pul/publisher/49069